[Event "Challenge"]
[Site "http://www.queenalice.com/game.php?id=175543"]
[Date "2007.3.1"]
[Round "-"]
[White "dom_carlos"]
[Black "maykon"]
[Result "1/2-1/2"]
[WhiteElo "1100"]
[BlackElo "1411"]

1. c3 e5 2. e4 Bc5 3. g3 b6 4. Ne2 Bb7 5. Qa4 Nf6 6. d3 h5 7. Bh3 Ba6 8. Bg5 Ng8
9. Bxd8 Kxd8 10. b4 Bxd3 11. bxc5 Nf6 12. Na3 Nxe4 13. Nc4 Nxc3 14. Nc1 Rh6 15.
Qa3 Bxc4 16. Qxc3 Bd5 17. O-O Na6 18. Nb3 Rf6 19. Qxe5 Rd6 20. Qxg7 Re6 21. Qxf7
Kc8 22. Rad1 Re5 23. Rxd5 Re4 24. Rxd7 Nxc5 25. Rxc7+ Kb8 26. Qf8+ Kxc7 27. Qxa8
Nd7 28. Qxa7+ Kd8 29. Bxd7 Rb4 30. Re1 Rd4 31. Nxd4 b5 32. Qb8+ Kxd7 33. Re8 b4
34. f3 b3 35. axb3 h4 36. gxh4 1/2-1/2

[Event "Challenge"]
[Site "http://www.queenalice.com/game.php?id=175683"]
[Date "2007.3.1"]
[Round "-"]
[White "dom_carlos"]
[Black "daisuke"]
[Result "0-1"]
[WhiteElo "1256"]
[BlackElo "1203"]

1. c3 Nc6 2. e4 Nh6 3. Na3 d5 4. Bd3 b5 5. Nxb5 Ne5 6. Qc2 Ba6 7. exd5 Qxd5 8.
Nxc7+ Kd7 9. Nxa8 Nxd3+ 10. Kd1 Nxf2+ 11. Ke1 Nxh1 12. Qa4+ Bb5 13. Qd4 Bc6 14.
Qxa7+ Bb7 15. Qb8 Bxa8 16. Qa7+ Kc8 17. Nf3 Qb7 18. Qc5+ Qc6 19. b4 e5 20. Qxe5
Ng4 21. Qa5 Nhf2 22. b5 Nd3+ 23. Ke2 Qe4+ 24. Kd1 Ngf2+ 25. Kc2 Nb4+ 26. Kb3
Qc2+ 27. Kc4 Bd5+ 28. Kd4 Qe4# 0-1

[Event "Challenge"]
[Site "http://www.queenalice.com/game.php?id=176138"]
[Date "2007.3.2"]
[Round "-"]
[White "maykon"]
[Black "dom_carlos"]
[Result "1/2-1/2"]
[WhiteElo "1222"]
[BlackElo "1018"]

1. g3 e5 2. Bg2 Nf6 3. d3 Nh5 4. g4 Nf4 5. Bf3 Bb4+ 6. Bd2 a5 7. c3 Bc5 8. Na3
f6 9. Qc2 Na6 10. Nb5 c6 11. h4 cxb5 12. d4 Bd6 13. O-O-O Nd5 14. Bxd5 exd4 15.
cxd4 Bb4 16. g5 fxg5 17. Bxg5 Qc7 18. Qxc7 Nxc7 19. Be4 Be7 20. Bf4 Ne6 21. Bg3
Ra6 22. Rd2 Rc6+ 23. Bc2 Bb4 24. Rd1 Rf8 25. Rd3 d6 26. d5 Kd7 27. dxc6+ Kxc6
28. Bb3 Nc5 29. Bxd6 Rxf2 30. Rd1 Rf6 31. Bb8 a4 32. Bc2 Bg4 33. Be5 Rf2 34.
Rd6+ Kc7 35. Rd4+ Kc8 36. Bxg7 a3 37. Rxg4 Rf1+ 38. Bd1 axb2+ 39. Kxb2 Rxd1 40.
Bd4 Na4+ 41. Kb3 Rb1+ 42. Kc2 Rb2+ 43. Bxb2 Nc5 44. Rxb4 Ne6 45. Rxb5 Nc7 46.
Ra5 Na6 47. Nf3 b6 48. Rh5 Nb4+ 49. Kb1 Kc7 50. Rxh7+ Kc6 51. Ba3 Kc5 52. Rh5+
Kc4 53. Nd2+ Kc3 54. Ne4+ Kc4 55. Rh3 Kd4 56. Nd6 Nd5 57. Bb2+ Kc5 58. Nb7+ Kc6
59. Nd8+ Kd6 60. Rb3 Kc5 61. Ba3+ Kc4 62. Rf3 Nc3+ 63. Kb2 Nd1+ 64. Kc1 Nc3 65.
Nc6 Nxa2+ 66. Kb2 Nb4 67. Nxb4 b5 68. Na6 b4 69. Nxb4 Kd4 70. Nc6+ Ke4 71. Rg3
Kf4 72. Rhg5 Ke4 73. Bc5 Kf4 74. e3+ Ke4 75. Nb4 1/2-1/2

[Event "Challenge"]
[Site "http://www.queenalice.com/game.php?id=176415"]
[Date "2007.3.3"]
[Round "-"]
[White "fernandosoares"]
[Black "dom_carlos"]
[Result "1-0"]
[WhiteElo "1161"]
[BlackElo "1209"]

1. d3 e5 2. g3 Nh6 3. f4 exf4 4. gxf4 Qh4+ 5. Kd2 Bb4+ 6. c3 Bd6 7. Nh3 Qxh3 8.
Bxh3 Nf5 9. Bxf5 Bxf4+ 10. e3 Be5 11. d4 Bd6 12. Na3 Kd8 13. Rg1 Bf8 14. Qg4 Be7
15. Qxg7 Re8 16. Qxh7 Rf8 17. Rg7 d5 18. Rxf7 Bxf5 19. Rxe7 Bxh7 20. Rxh7 Rf2+
21. Ke1 Rf8 22. e4 1-0

[Event "yves"]
[Site "http://www.queenalice.com/game.php?id=176703"]
[Date "2007.3.4"]
[Round "-"]
[White "dom_carlos"]
[Black "Moondawg"]
[Result "0-1"]
[WhiteElo "1265"]
[BlackElo "1641"]

1. c3 e5 2. d4 e4 3. f3 exf3 4. exf3 Nf6 5. Bg5 Be7 6. Nh3 O-O 7. Qe2 d5 8. a3
Bxh3 9. gxh3 Re8 10. Nd2 c6 11. Ne4 dxe4 12. fxe4 Nxe4 13. Bf4 Nf6 14. O-O-O
Bxa3 15. Qc4 b5 16. Qb3 Bd6 17. Bd2 Ne4 0-1

[Event "Torneio Lan OK"]
[Site "http://www.queenalice.com/game.php?id=176884"]
[Date "2007.3.4"]
[Round "-"]
[White "maykon"]
[Black "dom_carlos"]
[Result "0-1"]
[WhiteElo "1236"]
[BlackElo "1224"]

1. Nh3 e5 2. c3 g6 3. Qa4 f5 4. g3 Ne7 5. Ng5 h6 6. Nf3 Rh7 7. h3 Nbc6 8. g4 b6
9. e3 a6 10. Bc4 b5 11. Bxb5 a5 12. gxf5 gxf5 13. b4 e4 14. Ng1 Ba6 15. bxa5 Qb8
16. Na3 Ra7 17. Rb1 Ng6 18. Bxc6 Qd8 19. Bxd7+ Qxd7 20. Qd4 Ra8 21. c4 Re7 22.
f3 Bg7 23. Qc5 Re5 24. Qb4 Bf8 25. Qc3 Be7 26. fxe4 Bh4+ 27. Kf1 Qd8 28. exf5
Rxf5+ 29. Ke2 Qg5 30. Qg7 Rf2+ 31. Kd1 Qf5 32. Nc2 Rf1+ 33. Ke2 Bxc4+ 34. d3 Bb5
35. Qg8+ Qf8 36. Qxg6+ Ke7 37. Rxb5 Qf2# 0-1

[Event "AUTO-BEG-80"]
[Site "http://www.queenalice.com/game.php?id=177463"]
[Date "2007.3.5"]
[Round "1"]
[White "maykon"]
[Black "dom_carlos"]
[Result "0-1"]
[WhiteElo "1119"]
[BlackElo "1144"]

1. g3 c6 2. Nh3 e5 3. b3 g6 4. Nc3 d5 5. Bb2 Bd6 6. d3 Bb4 7. Ng5 Qxg5 8. h4 Qf5
9. e4 Qxf2+ 10. Kxf2 Nf6 11. Nb1 Bg4 12. Be2 Bc5+ 13. Kf1 Bd4 14. Bxg4 Bxb2 15.
Nd2 Nxg4 16. Rb1 Ne3+ 17. Ke1 Nxd1 18. Kxd1 Bc3 19. Nf3 f6 20. g4 Na6 21. exd5
cxd5 22. g5 Rf8 23. gxf6 Rxf6 24. Ng5 h6 25. Nh7 Rf7 0-1

[Event "AUTO-BEG-80"]
[Site "http://www.queenalice.com/game.php?id=177464"]
[Date "2007.3.5"]
[Round "1"]
[White "dom_carlos"]
[Black "maykon"]
[Result "1-0"]
[WhiteElo "1163"]
[BlackElo "1103"]

1. c3 c5 2. e4 Na6 3. Qa4 Rb8 4. g3 b5 5. Qc4 bxc4 6. Bxc4 Bb7 7. b3 Bxe4 8. d3
Bxh1 9. Bxa6 Rb6 10. Bc4 d5 11. Bf4 h5 12. Na3 dxc4 13. O-O-O cxd3 14. Nc4 Ra6
15. Be5 Re6 16. Nf3 Bxf3 17. Re1 f6 18. Bf4 Rxe1+ 19. Kb2 e5 20. Bd2 1-0

[Event "AUTO-BEG-80"]
[Site "http://www.queenalice.com/game.php?id=177479"]
[Date "2007.3.5"]
[Round "1"]
[White "osvaldo123"]
[Black "dom_carlos"]
[Result "1-0"]
[WhiteElo "1307"]
[BlackElo "1181"]

1. d4 c6 2. e4 Qa5+ 3. Bd2 Qa4 4. Nc3 Qxd4 5. Qf3 Qb4 6. b3 Qd6 7. Bc4 g6 8. Bg5
f6 9. Bf4 e5 10. Be3 Qc5 11. Bxc5 Bxc5 12. g4 1-0

[Event "Torneio Lan House OK II"]
[Site "http://www.queenalice.com/game.php?id=181577"]
[Date "2007.3.14"]
[Round "-"]
[White "dom_carlos"]
[Black "Augusto_megriv"]
[Result "0-1"]
[WhiteElo "1151"]
[BlackElo "1422"]

1. e3 d5 2. Bb5+ c6 3. Ba4 b5 4. Bb3 e6 5. Nf3 Qf6 6. Nd4 a6 7. Nc3 Bd7 8. Qf3
Qe7 9. a4 c5 10. Nde2 c4 11. Ba2 b4 12. Nb1 Bxa4 13. Kd1 Nc6 14. b3 Ne5 15. Qf4
Qd6 16. bxa4 g5 17. Qxg5 h6 18. Qf4 Rh7 19. Rg1 Bg7 20. c3 Qb8 21. cxb4 Ng6 22.
Qd4 N8e7 23. Qc5 Bxa1 24. d4 Qxh2 25. Rf1 Qxg2 26. Ke1 Qe4 27. Nd2 Qc2 28. e4
Qxa2 29. Qc7 Rc8 30. Qb7 Qxa4 31. Nb1 Nh4 32. Nec3 Qc2 33. Qxa6 Qxc1+ 34. Ke2
Qb2+ 35. Nd2 Qxc3 0-1